01006nam a2200253 a 4500003000400000005001700004008004100021020002900062040001700091082002100108100002100129245006400150250001200214260002500226300004000251500001900291500002400310505020900334650002300543700002800566942000900594952013400603999001500737IIN20250324132039.0250324s9999 xx ad 001 0 eng d cRs.678.90a9789354669590 aIINbEnglish a612 bJOH1 aChatterjee, C.C.1 aHuman PhysiologycCC Chatterjee; edited by Nitin Ashok John a15th ed bCBSaNew Delhic2025 axviii, 541-1046 p. / V.2bcol. ill. aIncludes Index aIncludes Appendices aV.1: General Physiology, Blood, Nerve and Muscle, Cardiovascular System, Respiratory system, Gastro-intestinal Tract, Renal Physiology V.2: Endocrines, Reproductive System, Nervous System, Special Senses aPhysiologyvHuman 1 aJohn, Nitin Ashok , Ed. cBOOK 00102ddc40708PURCHaIINbIINcGENd2025-03-11g678.90l0o612 JOHp1788r2025-03-24 13:21:34tVol.2w2025-03-24yBOOK c1683d1683